Stabilization of Escherichia coli penicillin G acylase by polyethylene glycols against thermal inactivation /

Kaydedildi:
Detaylı Bibliyografya
Yazar: Kazan, Dilek.
Diğer Yazarlar: Erarslan, Altan.
Materyal Türü: Makale
Dil:English
Konular:
Etiketler: Etiketle
Etiket eklenmemiş, İlk siz ekleyin!
Thư viện lưu trữ: Thư viện Trường Đại học Đà Lạt
LEADER 01043nam a2200313 4500
001 DLU090090926
005 ##20091201
040 # # |a DLU  |b eng 
041 # # |a eng 
044 # # |a us 
100 # # |a Kazan, Dilek.  
245 # # |a Stabilization of Escherichia coli penicillin G acylase by polyethylene glycols against thermal inactivation /  |c Dilek Kazan, Altan Erarslan. 
653 # # |a Enzyme thermostabilization 
653 # # |a Escherichia coli  
653 # # |a Hyperbolic type mixed inhibition of enzyme 
653 # # |a Irreversible enzyme inactivation kinetics 
653 # # |a Penicillin G acylase 
653 # # |a Polyethylene glycols 
700 # # |a Erarslan, Altan.  
773 # # |t Applied Biochemistry and Biotechnology  |g Vol. 62, no. 1 (January 1997), p. 1-13 
920 # # |a Phòng Tạp chí -- Trung tâm Thông tin - Thư viện Trường Đại học Đà Lạt 
994 # # |a DLU 
900 # # |a True 
911 # # |a Trương Bảo Trâm Anh 
925 # # |a G 
926 # # |a A 
927 # # |a BB 
980 # # |a Thư viện Trường Đại học Đà Lạt